00531nam a2200169 a 450000100060000000300090000600800410001504000280005608200180008410000250010224500860012726000300021330000100024365000190025365000320027265000570030414985CO-ViMGA141112s2004 ck r 000 u spa d aCO-ViMGAbspacCO-ViMGA04a331.4877 A7151 aArango, Luz Gabriela10aMujeres obreras, Familia y políticas empresariales : bLa historia de Fabricato aBtá, cUniandes, c1993 a39.p.14aFABRICATO S.A.14aHISTORIA - INDUSTRIA TEXTIL14aMUJERES EN LA INDUSTRIA TEXTIL - MEDELLIN - COLOMBIA